Applied mathematics for the managerial, life, and social sciences / (Record no. 2348)

MARC details
000 -LEADER
fixed length control field 01218nac a22003491i 4500
003 - CONTROL NUMBER IDENTIFIER
control field EG-ScBUE
005 - DATE AND TIME OF LATEST TRANSACTION
control field 20240903094732.0
006 - FIXED-LENGTH DATA ELEMENTS--ADDITIONAL MATERIAL CHARACTERISTICS--GENERAL INFORMATION
fixed length control field m||||fq||h 00| 0
008 - FIXED-LENGTH DATA ELEMENTS--GENERAL INFORMATION
fixed length control field 240903t2007 caua f 001 0 eng d
020 ## - INTERNATIONAL STANDARD BOOK NUMBER
International Standard Book Number 0495017795 (CD-ROM)
020 ## - INTERNATIONAL STANDARD BOOK NUMBER
International Standard Book Number 0495017760
020 ## - INTERNATIONAL STANDARD BOOK NUMBER
International Standard Book Number 9780495017769
040 ## - CATALOGING SOURCE
Original cataloging agency EG-ScBUE
Language of cataloging eng
Description conventions rda
Transcribing agency EG-ScBUE
Modifying agency EG-ScBUE
082 04 - DEWEY DECIMAL CLASSIFICATION NUMBER
Classification number 510
Item number TAN
Edition number 22
100 1# - MAIN ENTRY--PERSONAL NAME
Personal name Tan, Soo Tang,
Relator term author.
245 10 - TITLE STATEMENT
Title Applied mathematics for the managerial, life, and social sciences /
Statement of responsibility, etc S. T. Tan, Stonehill College.
250 ## - EDITION STATEMENT
Edition statement Fourth edition,
Remainder of edition statement international edition.
264 #1 - PUBLICATION, DISTRIBUTION, ETC. (IMPRINT)
Place of publication, distribution, etc Belmont, CA :
Name of publisher, distributor, etc Thomson Brooks Cole,
Date of publication, distribution, etc [2007]
264 #4 - PUBLICATION, DISTRIBUTION, ETC. (IMPRINT)
Date of publication, distribution, etc c2007
300 ## - PHYSICAL DESCRIPTION
Extent xxiii, 965 pages :
Other physical details color illustrations ;
Dimensions 26 cm +
Accompanying material 1 CD
336 ## - CONTENT TYPE
Source rdacontent
Content type term text
Content type code txt
336 ## - CONTENT TYPE
Source rdacontent
Content type term sounds
Content type code snd
337 ## - MEDIA TYPE
Media type term unmediated
Source rdamedia
Media type code n
337 ## - MEDIA TYPE
Media type term audio
Source rdamedia
Media type code s
338 ## - CARRIER TYPE
Carrier type term volume
Carrier type code nc
Source rdacarrier
338 ## - CARRIER TYPE
Carrier type term computer disc
Carrier type code cd
Source rdacarrier
500 ## - GENERAL NOTE
General note Includes index.
538 ## - SYSTEM DETAILS NOTE
System details note System requirements for accompanying CD-ROM: Microsoft Windows and Macintosh machines.
650 #7 - SUBJECT ADDED ENTRY--TOPICAL TERM
Topical term or geographic name as entry element Mathematics
Form subdivision Textbooks.
Source of heading or term BUEsh
655 ## - INDEX TERM--GENRE/FORM
Form subdivision Reading book
942 ## - ADDED ENTRY ELEMENTS (KOHA)
Koha item type Book - Borrowing
Source of classification or shelving scheme Dewey Decimal Classification
Holdings
Withdrawn status Lost status Source of classification or shelving scheme Damaged status Not for loan Collection code Home library Current library Shelving location Date acquired Source of acquisition Total Checkouts Full call number Barcode Date last seen Price effective from Koha item type
    Dewey Decimal Classification     Alahram Central Library Central Library First floor 18/02/2007 Purchase   510 TAN 000001838 15/07/2025 18/02/2007 Book - Borrowing
    Dewey Decimal Classification     Alahram Central Library Central Library First floor 18/02/2007 Purchase   510 TAN 000030189 15/07/2025   Book - Borrowing
    Dewey Decimal Classification     Alahram Central Library Central Library First floor 06/07/2011 Purchase   510 TAN 000007528 24/08/2022 06/07/2011 CD | DVD - With book
    Dewey Decimal Classification     Alahram Central Library Central Library First floor 06/07/2011 Purchase   510 TAN 000007443 24/08/2022 06/07/2011 CD | DVD - With book